Countries Where People Have the Lowest Expected Years Left to Live - Statistics

General Stats
  • This quiz has been taken 6 times
  • The average score is 8 of 20
Answer Stats
Country # of Expected Remaining Years to Live for an Inhabitant % Correct
Bosnia and Herzegovina 34.1
50%
Bulgaria 29.2
50%
Croatia 34.3
50%
Georgia 35.4
50%
Germany 34.1
50%
Hungary 31.9
50%
Moldova 34.3
50%
Portugal 35.4
50%
Romania 33.1
50%
Russia 33
50%
Serbia 32.6
50%
Belarus 33.9
33%
Central African Republic 33.3
33%
Estonia 35.4
33%
Latvia 30.9
33%
Lesotho 30.3
33%
Lithuania 30.9
33%
Monaco 34
33%
Ukraine 30.9
33%
Sierra Leone 35.3
17%
No matching quizzes found
Score Distribution
Percent of People with Each Score
Percentile by Number Answered
Your Score History
You have not taken this quiz